Countries with the Highest GDP Decline in 2020 - Statistics

General Stats
  • This quiz has been taken 79 times
  • The average score is 18 of 20
Answer Stats
Change Country % Correct
-$ 625,956 mil United States
97%
-$ 192,468 mil United Kingdom
96%
-$ 276,347 mil India
94%
-$ 169,336 mil Japan
94%
-$ 238,418 mil Russia
94%
-$ 164,367 mil France
93%
-$ 80,997 mil Germany
93%
-$ 153,244 mil Italy
93%
-$ 217,834 mil Mexico
90%
-$ 475,310 mil Brazil
88%
-$ 59,953 mil South Korea
88%
-$ 52,397 mil Australia
87%
-$ 58,628 mil Colombia
87%
-$ 146,806 mil Spain
87%
-$ 136,162 mil Canada
86%
-$ 111,504 mil Turkey
86%
-$ 61,698 mil Argentina
84%
-$ 112,070 mil Saudi Arabia
80%
-$ 68,766 mil South Africa
74%
-$ 67,243 mil United Arab Emirates
65%
No matching quizzes found
Score Distribution
Percent of People with Each Score
Percentile by Number Answered
Your Score History
You have not taken this quiz